| Tag |
First Indicator |
Second Indicator |
Subfields |
| LEADER |
00000cam a2200000Ia 4500 |
| 001 |
in00002531791 |
| 005 |
20151113125845.0 |
| 008 |
090903s2009 nyua b 101 0 eng d |
| 010 |
|
|
|a 2009936383
|
| 020 |
|
|
|a 9780735407145
|
| 020 |
|
|
|a 0735407142
|
| 035 |
|
|
|a (OCoLC)ocn464737145
|
| 035 |
|
|
|a (OCoLC)464737145
|
| 040 |
|
|
|a YDXCP
|c YDXCP
|d DLC
|d NTE
|d TXA
|d UtOrBLW
|
| 042 |
|
|
|a lccopycat
|
| 049 |
|
|
|a TXAM
|
| 050 |
0 |
0 |
|a QC789.7
|b .I548 2009
|
| 090 |
|
|
|a QC790.4.F5
|b I57 2009
|
| 111 |
2 |
|
|a International Workshop on Nuclear Fission and Fission-Product Spectroscopy
|n (4th :
|d 2009 :
|c Cadarache, France)
|
| 245 |
1 |
0 |
|a 4th International Workshop on Nuclear Fission and Fission-Product Spectroscopy :
|b Cadarache, France, May 13-16 2009 /
|c editors, Audrey Chatillon [and others].
|
| 264 |
|
1 |
|a Melville, N.Y. :
|b American Institute of Physics,
|c 2009.
|
| 300 |
|
|
|a xx, 419 pages :
|b illustrations ;
|c 25 cm.
|
| 336 |
|
|
|a text
|b txt
|2 rdacontent
|
| 337 |
|
|
|a unmediated
|b n
|2 rdamedia
|
| 338 |
|
|
|a volume
|b nc
|2 rdacarrier
|
| 490 |
1 |
|
|a AIP conference proceedings,
|x 0094-243X ;
|v v. 1175
|
| 504 |
|
|
|a Includes bibliographical references and index.
|
| 650 |
|
0 |
|a Nuclear fission
|v Congresses.
|
| 650 |
|
0 |
|a Nuclear spectroscopy
|v Congresses.
|
| 700 |
1 |
|
|a Chatillon, Audrey.
|
| 830 |
|
0 |
|a AIP conference proceedings ;
|v no. 1175.
|
| 938 |
|
|
|a YBP Library Services
|b YANK
|n 3118747
|
| 948 |
|
|
|a cataloged
|b h
|c 2009/12/15
|d c
|e ceaton
|f 1:38:17 pm
|
| 994 |
|
|
|a C0
|b TXA
|
| 999 |
|
|
|a MARS
|
| 999 |
f |
f |
|s 1bc90c5f-2f25-3d73-a1ed-554b7c4cfeb5
|i 47d1d265-5746-3597-b058-3f6d32aef067
|t 0
|
| 952 |
f |
f |
|p normal
|a Texas A&M University
|b College Station
|c Sterling C. Evans Library
|d Evans: Library Stacks
|t 0
|e QC790.4.F5 I57 2009
|h Library of Congress classification
|i unmediated -- volume
|m A14838046207
|
| 998 |
f |
f |
|a QC790.4.F5 I57 2009
|t 0
|l Evans: Library Stacks
|